1717 1503 1108 1060 1086 1328 1675 1453 1255 1789 1690 1042 1959 1355 1047 1457 1097 1586 1431 1029 1985 1807 1540 1496 1976 1748 1736 1444 1648 1714 1665 1459 1131 1969 1692 1079 1355 1336 1146 1690 1115 1787 1227 1547 1030 1571 1432 1458 1075 1126 1424 1445 1092 1675 1613 1361 1802 1581 1378 1905 1389 1103 1505 1385 1988 1348 1718 1192 1575 1050 1231 1917 1559 1062 1626 1346 1441 1837 1010 1527 1735 1410 1669 1264 1469 1431 1726 1734 1846 1221 1764 1488 1016 1150 1548 1025 1553 1736 1038 BCNSPRNW ULIB Ver.6.0+V

เปลี่ยนเป็นภาษาไทย

Change to English
 แสดงรายละเอียดบรรณานุกรม
  กลับหน้าหลัก

Brief Record : Get Marc (ISO 2709) : E-mail record : QR code < ปิดหน้าต่าง
LEADER : 00000nam 2200000uu 4500
001    13399127386
003     ULIB
008    020711s2019 th a 000 0 eng d
020    ^a9781138506275
060    ^aWS350.2^bD747A
100    ^aDowling Deirdre
245  3 ^aAn Independent Practitioner s Introduction to Child and Adolescent Psychotherapy
250    ^a1st ed
260    ^aNew York :^bRoutledge,^c2019
300    ^a188 pages;^b21 cm
650    ^aPsychotherapy-methods
650    ^aChild
650    ^aAdolescent
945    ^p926^l0^i007062
945    ^p926^l0^i007063
945    ^p926^l0^i007064
999    ^aอังศุธร กาญจนาโรจน์พันธ์
รายการนี้ยังไม่มีแท็ก
คุณยังไม่ได้ล็อกอิน คุณสามารถมีกิจกรรมร่วมกับเว็บไซต์ได้ แต่ต้องล็อกอินก่อน ::
  ล็อกอิน

รายการสื่อสารสนเทศ

ลำดับที่ ประเภท เลขเรียก/บาร์โค้ด สถานที่ สถานะ
1. วิทยาศาสตร์การแพทย์ และสุขภาพ
หนังสือสำรอง
สถานะ=หนังสือสำรอง
WS350.2 D747A ฉ.1 
  Barcode: 007062
ห้องสมุดวิทยาเขตสวรรค์ประชารักษ์
►หนังสือทั่วไป
บนชั้น
2. วิทยาศาสตร์การแพทย์ และสุขภาพ
วิทยาศาสตร์การแพทย์ และสุขภาพ
WS350.2 D747A ฉ.2 
  Barcode: 007063
ห้องสมุดวิทยาเขตสวรรค์ประชารักษ์
►หนังสือทั่วไป
บนชั้น
3. วิทยาศาสตร์การแพทย์ และสุขภาพ
วิทยาศาสตร์การแพทย์ และสุขภาพ
WS350.2 D747A ฉ.3 
  Barcode: 007064
ห้องสมุดวิทยาเขตสวรรค์ประชารักษ์
►หนังสือทั่วไป
บนชั้น

รายการใกล้เคียง
    ผู้แต่ง [Dowling Deirdre]

    หัวเรื่อง [Psychotherapy-methods]
    หัวเรื่อง [Child]
    หัวเรื่อง [Adolescent]

BibComment


ยังไม่เคยถูกคอมเมนท์

คอมเมนท์ทรัพยากรรายการนี้
  คอมเมนท์: An Independent P..


 Copyright 2026. Bcnsprnw @Library